[Event "Wiesbaden op 28th"]
[Site "Wiesbaden"]
[Date "2016.08.26"]
[Round "3"]
[White "Leidorf, Sebastian"]
[Black "Stuhlmann, Florian"]
[Result "1-0"]
[WhiteElo "2097"]
[BlackElo "1850"]
[PlyCount "81"]
[EventDate "2016.08.25"]
[EventType "swiss"]
[EventRounds "7"]
[EventCountry "GER"]
[SourceTitle "CBM 174 Extra"]
[Source "ChessBase"]
[SourceDate "2016.10.10"]
[SourceVersion "1"]
[SourceVersionDate "2016.10.10"]
[SourceQuality "1"]

1. c4 e6 2. g3 d5 3. Bg2 Nf6 4. Nf3 g6 5. b3 Nbd7 6. Bb2 Bg7 7. 0-0 0-0 8. d3 c5 9. cxd5 exd5 10. d4 Ne4 11. Nc3 Nxc3 12. Bxc3 b6 13. Rc1 cxd4 14. Nxd4 Bb7 15. Nc6 Qg5 16. h4 Qg4 17. Ne7+ Kh8 18. Bxg7+ Kxg7 19. Nxd5 Rab8 20. Rc7 Bxd5 21. Qxd5 Nf6 22. Qf3 a5 23. Qxg4 Nxg4 24. Rd1 Rfd8 25. Bd5 Nh6 26. e4 Rbc8 27. Rdc1 Rxc7 28. Rxc7 Rd6 29. f3 Kf8 30. Kf2 Ke8 31. Ke3 Nf5+ 32. Kf4 Ne7 33. Ke5 Rd8 34. g4 Nxd5 35. exd5 h6 36. g5 hxg5 37. hxg5 Kf8 38. d6 Re8+ 39. Kd5 a4 40. d7 Rd8 41. Kd6 1-0

[Event "Wiesbaden op 27th"]
[Site "Wiesbaden"]
[Date "2015.08.28"]
[Round "2"]
[White "Leidorf, Sebastian"]
[Black "Launert, Martin"]
[Result "1/2-1/2"]
[WhiteElo "2069"]
[BlackElo "1846"]
[PlyCount "128"]
[EventDate "2015.08.27"]
[EventType "swiss"]
[EventRounds "7"]
[EventCountry "GER"]
[SourceTitle "EXT 2016"]
[Source "ChessBase"]
[SourceDate "2015.10.08"]
[SourceVersion "1"]
[SourceVersionDate "2015.10.08"]
[SourceQuality "1"]

1. c4 e5 2. g3 c6 3. d4 Bb4+ 4. Bd2 Bxd2+ 5. Qxd2 d6 6. Nc3 Qe7 7. Bg2 Nf6 8. e3 0-0 9. Nge2 Nbd7 10. b3 Re8 11. h3 Nf8 12. Rd1 Ng6 13. 0-0 Rb8 14. Kh2 a6 15. dxe5 dxe5 16. Qd6 Be6 17. f4 exf4 18. exf4 Qxd6 19. Rxd6 Ne7 20. g4 Rbd8 21. Rfd1 Rxd6 22. Rxd6 Bc8 23. f5 h6 24. Ng3 Nd7 25. Nge4 f6 26. Rd2 Ne5 27. Nd6 Rd8 28. Nce4 b5 29. c5 a5 30. a3 Nd5 31. Nxc8 Rxc8 32. Nd6 Rd8 33. Nxb5 Rb8 34. Nd4 Ne3 35. Kg3 Nxg2 36. Kxg2 Kf7 37. Kf2 Rb7 38. Rd1 a4 39. b4 Rd7 40. Ke1 Rd5 41. Nc2 Nd3+ 42. Kf1 Nxb4 43. Rxd5 Nxd5 44. Nd4 Ne3+ 45. Ke2 Nc4 46. Nc2 g6 47. Kd3 Ne5+ 48. Kc3 h5 49. fxg6+ Kxg6 50. gxh5+ Kxh5 51. Kb4 Nd3+ 52. Kxa4 Nxc5+ 53. Kb4 Nb7 54. Kc4 Kh4 55. Nb4 Kxh3 56. Nxc6 f5 57. Ne5 Kg3 58. Kd5 f4 59. a4 f3 60. Nxf3 Kxf3 61. Kc6 Na5+ 62. Kb5 Nb7 63. Kb6 Nd6 64. Kc6 Nc4 1/2-1/2

[Event "Wiesbaden op 27th"]
[Site "Wiesbaden"]
[Date "2015.08.28"]
[Round "3"]
[White "Ley, Sabrina"]
[Black "Leidorf, Sebastian"]
[Result "0-1"]
[WhiteElo "1833"]
[BlackElo "2069"]
[PlyCount "110"]
[EventDate "2015.08.27"]
[EventType "swiss"]
[EventRounds "7"]
[EventCountry "GER"]
[SourceTitle "EXT 2016"]
[Source "ChessBase"]
[SourceDate "2015.10.08"]
[SourceVersion "1"]
[SourceVersionDate "2015.10.08"]
[SourceQuality "1"]

1. d4 e6 2. c4 d5 3. cxd5 exd5 4. Nc3 c5 5. Nf3 Nc6 6. Bf4 Nf6 7. e3 c4 8. Ne5 Be6 9. Be2 Rc8 10. 0-0 a6 11. Nxc6 Rxc6 12. a4 Bb4 13. h3 0-0 14. Qc2 Qd7 15. Rfc1 Bf5 16. Qd1 Rfc8 17. Qf1 Ne4 18. Qd1 Nxc3 19. bxc3 Bd6 20. Bxd6 Rxd6 21. Bg4 Rg6 22. Bh5 Rh6 23. Bg4 Rcc6 24. Bxf5 Qxf5 25. Qg4 Qe6 26. Qxe6 Rhxe6 27. Rab1 b6 28. Rb2 f5 29. Re1 Kf7 30. f3 Re7 31. Rbe2 Rce6 32. Kf2 Ke8 33. Rb2 Kd7 34. Rbe2 Kc6 35. g3 g5 36. g4 fxg4 37. hxg4 b5 38. axb5+ Kxb5 39. Rb2+ Kc6 40. Rbe2 Ra7 41. e4 Kd6 42. exd5 Rxe2+ 43. Rxe2 a5 44. Re6+ Kxd5 45. Re5+ Kc6 46. Rxg5 a4 47. Rh5 a3 48. Rh1 Kb5 49. Ke3 Ka4 50. Kd2 a2 51. Kc2 Ka3 52. f4 Rb7 53. Ra1 Rb2+ 54. Kc1 Rf2 55. f5 Rf1+ 0-1